[Event "Ankara Baskent Univ op 6th"]
[Site "Ankara"]
[Date "2023.08.18"]
[Round "5"]
[White "Llaneza Vega, Marcos"]
[Black "Gunduz, Umut Erdem"]
[Result "0-1"]
[WhiteElo "2404"]
[BlackElo "2301"]
[PlyCount "102"]
[EventDate "2023.08.15"]
[EventType "swiss"]
[EventRounds "9"]
[EventCountry "TUR"]
[SourceTitle "CBM 215 Extra"]
[Source "ChessBase"]
[SourceDate "2023.09.30"]
[SourceVersion "1"]
[SourceVersionDate "2023.09.30"]
[SourceQuality "1"]

1. e4 e5 2. Nf3 Nc6 3. Nc3 Nf6 4. g3 Bc5 5. Bg2 0-0 6. 0-0 d6 7. h3 Be6 8. d3 h6 9. Na4 Bb6 10. a3 Re8 11. Re1 Qd7 12. Nxb6 axb6 13. Kh2 d5 14. Bd2 dxe4 15. dxe4 Ra4 16. b4 Bc4 17. Qc1 Nd4 18. Nxd4 Qxd4 19. Re3 b5 20. Bc3 Qd6 21. Qe1 Nd7 22. f4 f6 23. f5 Nb6 24. g4 Bf7 25. Bf1 Bc4 26. Bd3 Kf7 27. Rd1 Qc6 28. Bb2 Ke7 29. h4 Raa8 30. Rh3 Rh8 31. Qe3 Rad8 32. Rg1 Kd7 33. Bc1 Kc8 34. Qe2 Kb8 35. Re1 Rd7 36. Be3 Rhd8 37. Bf2 Na4 38. Bxc4 bxc4 39. Qe3 b6 40. g5 Rd2 41. gxh6 gxh6 42. Rf3 h5 43. Re2 c3 44. Be1 R2d4 45. Bxc3 Rc4 46. Be1 Rdd4 47. b5 Qxb5 48. Qb3 Qc6 49. Bf2 Rxe4 50. Rd2 Nc5 51. Qa2 Rg4 0-1

[Event "Ankara Baskent Univ op 6th"]
[Site "Ankara"]
[Date "2023.08.17"]
[Round "4"]
[White "Petriashvili, Nikoloz"]
[Black "Llaneza Vega, Marcos"]
[Result "1/2-1/2"]
[WhiteElo "2458"]
[BlackElo "2404"]
[PlyCount "89"]
[EventDate "2023.08.15"]
[EventType "swiss"]
[EventRounds "9"]
[EventCountry "TUR"]
[SourceTitle "CBM 215 Extra"]
[Source "ChessBase"]
[SourceDate "2023.09.30"]
[SourceVersion "1"]
[SourceVersionDate "2023.09.30"]
[SourceQuality "1"]

1. c4 Nf6 2. Nc3 d5 3. cxd5 Nxd5 4. e4 Nxc3 5. bxc3 g6 6. d4 Bg7 7. Nf3 0-0 8. Be2 c5 9. 0-0 b6 10. Re1 cxd4 11. cxd4 Nc6 12. Be3 e5 13. d5 Na5 14. Rc1 Qd6 15. Bd2 Bd7 16. Bxa5 bxa5 17. Nd2 Rfc8 18. Nc4 Qc5 19. Qd2 Qb4 20. Qe3 Qc5 21. Qxc5 Rxc5 22. Nd6 Rxc1 23. Rxc1 Bf8 24. Rc7 Bxd6 25. Rxd7 Bc5 26. Ba6 Rb8 27. Bb7 Bb6 28. d6 Rd8 29. Rxd8+ Bxd8 30. g3 Kf8 31. Kg2 Bb6 32. f4 f6 33. Kf3 Bc5 34. d7 Ke7 35. Bc6 Bb6 36. h4 exf4 37. gxf4 Bc7 38. Ba4 Bd6 39. Kg4 Bc7 40. f5 h5+ 41. Kh3 gxf5 42. exf5 Be5 43. Kg2 Bc3 44. Bd1 Kxd7 45. Bxh5 1/2-1/2

[Event "Asturias-ch"]
[Site "Oviedo"]
[Date "2023.04.06"]
[Round "6"]
[White "Llaneza Vega, Marcos"]
[Black "Vergara Anton, Diego"]
[Result "1/2-1/2"]
[WhiteElo "2397"]
[BlackElo "2306"]
[PlyCount "99"]
[EventDate "2023.04.03"]
[EventType "tourn"]
[EventRounds "9"]
[EventCountry "ESP"]
[EventCategory "3"]
[SourceTitle "EXT 2024"]
[Source "ChessBase"]
[SourceDate "2023.10.10"]
[SourceVersion "1"]
[SourceVersionDate "2023.10.10"]
[SourceQuality "1"]

1. e4 c6 2. d4 d5 3. exd5 cxd5 4. Bd3 Nc6 5. c3 Nf6 6. Ne2 Bg4 7. 0-0 e6 8. Qe1 Bd6 9. Ng3 0-0 10. Bg5 h6 11. Bxf6 Qxf6 12. h3 Bf5 13. Nxf5 exf5 14. Nd2 Ne7 15. Qd1 Bc7 16. Re1 Rfe8 17. Qf3 Qd6 18. Nf1 g6 19. Re2 Kf8 20. Bb5 Red8 21. Rae1 Ng8 22. g4 fxg4 23. hxg4 a6 24. Ba4 Qf4 25. Kg2 Qg5 26. Ng3 Qf4 27. Re3 Qxf3+ 28. Kxf3 Bxg3 29. Kxg3 Nf6 30. Re5 b5 31. Bb3 a5 32. a3 Rd6 33. f3 Rad8 34. Kf4 h5 35. Re7 hxg4 36. fxg4 Ne4 37. Re5 Nd2 38. Ba2 Nc4 39. Bxc4 bxc4 40. Re7 Rb8 41. R1e2 Rdb6 42. Rd7 Rxb2 43. Rxb2 Rxb2 44. Rxd5 Rb3 45. Rxa5 Rxc3 46. g5 Ke7 47. Ke5 Re3+ 48. Kd5 c3 49. Rc5 Kd7 50. a4 1/2-1/2

[Event "Asturias-ch"]
[Site "Oviedo"]
[Date "2023.04.04"]
[Round "3"]
[White "Prado Lobo, Jonas"]
[Black "Llaneza Vega, Marcos"]
[Result "1-0"]
[WhiteElo "2322"]
[BlackElo "2397"]
[PlyCount "139"]
[EventDate "2023.04.03"]
[EventType "tourn"]
[EventRounds "9"]
[EventCountry "ESP"]
[EventCategory "3"]
[SourceTitle "EXT 2024"]
[Source "ChessBase"]
[SourceDate "2023.10.10"]
[SourceVersion "1"]
[SourceVersionDate "2023.10.10"]
[SourceQuality "1"]

1. Nf3 Nf6 2. c4 c5 3. Nc3 Nc6 4. d4 cxd4 5. Nxd4 g6 6. e4 d6 7. Be2 Bg7 8. Be3 0-0 9. 0-0 Bd7 10. h3 Re8 11. Nf3 b6 12. Rc1 Qc8 13. Qd2 Qb7 14. Ne1 Rac8 15. b3 Nd8 16. f3 Ne6 17. Nc2 Nh5 18. Rfd1 Nhf4 19. Bf1 Nh5 20. Nd4 Ng3 21. Nxe6 Nxf1 22. Rxf1 Bxe6 23. Bd4 Bxd4+ 24. Qxd4 Qc6 25. Kh1 Qc5 26. Qd2 Qa5 27. Qf2 Qc5 28. Qd2 Qh5 29. Nd5 Rc5 30. Qf2 Qe5 31. a4 f5 32. Qh4 Qg7 33. exf5 Bxd5 34. cxd5 Rxd5 35. fxg6 Qxg6 36. Rc7 Rd2 37. Rg1 Qf6 38. Qxf6 exf6 39. Rxa7 d5 40. Rc1 d4 41. Rcc7 d3 42. Rg7+ Kh8 43. Rxh7+ Kg8 44. Rag7+ Kf8 45. Rd7 Kg8 46. Rhg7+ Kh8 47. Rh7+ Kg8 48. Rhg7+ Kh8 49. Rge7 Rxe7 50. Rxe7 Rb2 51. Rd7 d2 52. Kh2 Kg8 53. Kg3 Kf8 54. Rd3 Kf7 55. h4 Kg6 56. Rd4 Kf5 57. h5 Kg5 58. Rd5+ f5 59. h6 Kxh6 60. Kf4 b5 61. axb5 Rxb3 62. Rd6+ Kg7 63. Kxf5 Rxb5+ 64. Kf4 Rb2 65. g4 Kf7 66. Ke3 Rb3+ 67. Ke2 Ke7 68. Rxd2 Kf6 69. Rd5 Ra3 70. Kf2 1-0

[Event "Istanbul op"]
[Site "Istanbul"]
[Date "2022.08.09"]
[Round "3"]
[White "Llaneza Vega, Marcos"]
[Black "Kilic, Efe Mert"]
[Result "1/2-1/2"]
[WhiteElo "2409"]
[BlackElo "2178"]
[PlyCount "79"]
[EventDate "2022.08.08"]
[EventType "swiss"]
[EventRounds "9"]
[EventCountry "TUR"]
[SourceTitle "CBM 209 Extra"]
[Source "ChessBase"]
[SourceDate "2022.09.30"]
[SourceVersion "1"]
[SourceVersionDate "2022.09.30"]
[SourceQuality "1"]

1. e4 e5 2. Nf3 Nc6 3. Nc3 Nf6 4. d4 exd4 5. Nxd4 Bb4 6. Nxc6 bxc6 7. Bd3 d5 8. exd5 cxd5 9. 0-0 0-0 10. h3 c6 11. Qf3 Bd6 12. Bf4 Rb8 13. b3 Rb4 14. Bxd6 Qxd6 15. Rfe1 Bd7 16. Rad1 Re8 17. Rxe8+ Bxe8 18. Qe3 Rb7 19. Na4 Re7 20. Qd4 Qe5 21. Qb4 Nh5 22. Nc5 Nf4 23. Bf1 f6 24. Rd4 g5 25. Nd3 Nxd3 26. Rxd3 Qe1 27. Qd6 Kg7 28. c4 Bf7 29. cxd5 Bxd5 30. Rd1 Qxd1 31. Qxe7+ Kg6 32. Qxa7 Qa1 33. Qa6 h5 34. a4 Qb2 35. a5 Qxb3 36. Qd3+ f5 37. Qxb3 Bxb3 38. a6 c5 39. g3 f4 40. Bg2 1/2-1/2

[Event "Oviedo op 7th"]
[Site "Oviedo"]
[Date "2019.07.19"]
[Round "7"]
[White "Admiraal, Miguoel"]
[Black "Llaneza Vega, Marcos"]
[Result "0-1"]
[WhiteElo "2504"]
[BlackElo "2393"]
[PlyCount "46"]
[EventDate "2019.07.15"]
[EventType "swiss"]
[EventRounds "9"]
[EventCountry "ESP"]
[SourceTitle "CBM 191 Extra"]
[Source "ChessBase"]
[SourceDate "2019.09.30"]
[SourceVersion "1"]
[SourceVersionDate "2019.09.30"]
[SourceQuality "1"]

1. d4 Nf6 2. Bg5 c5 3. d5 Qb6 4. Nc3 Qxb2 5. Bd2 Qb6 6. e4 d6 7. Rb1 Qc7 8. f4 e6 9. Bc4 Be7 10. Nf3 0-0 11. 0-0 exd5 12. exd5 Nbd7 13. a4 Nb6 14. Ba2 Bd7 15. a5 Na4 16. Nb5 Bxb5 17. Rxb5 Ne4 18. Qe1 Nxd2 19. Qxd2 Bf6 20. Rb3 Nc3 21. Rxc3 Qxa5 22. Rb3 Qxa2 23. Rxb7 a5 0-1

[Event "Hong Kong Caissa Sunday op"]
[Site "Hong Kong"]
[Date "2019.03.10"]
[Round "6"]
[White "Lee, Gerent Chak Yan"]
[Black "Llaneza Vega, Marcos"]
[Result "0-1"]
[WhiteElo "1459"]
[BlackElo "2388"]
[PlyCount "46"]
[EventDate "2019.01.13"]
[EventType "swiss"]
[EventRounds "7"]
[EventCountry "HKG"]
[SourceTitle "CBM 189 Extra"]
[Source "ChessBase"]
[SourceDate "2019.06.03"]
[SourceVersion "1"]
[SourceVersionDate "2019.06.03"]
[SourceQuality "1"]

1. d4 d6 2. Nf3 g6 3. e3 Bg7 4. Bd3 e5 5. c4 Qe7 6. Bc2 exd4 7. Nxd4 Nf6 8. 0-0 0-0 9. h3 Nc6 10. Re1 Bd7 11. Nc3 Rae8 12. Nce2 Ne5 13. b3 Nh5 14. Rb1 c5 15. Nb5 Nf3+ 16. gxf3 Qg5+ 17. Kh2 Qh4 18. Bb2 Qxf2+ 19. Kh1 Qxf3+ 20. Kh2 Qxh3+ 21. Kg1 Qxe3+ 22. Kg2 Bh3+ 23. Kh2 Qf2+ 0-1

[Event "Hong Kong Caissa Sunday op"]
[Site "Hong Kong"]
[Date "2019.02.24"]
[Round "4"]
[White "Llaneza Vega, Marcos"]
[Black "Leung, Ho Yan Andrew"]
[Result "1-0"]
[WhiteElo "2388"]
[BlackElo "1988"]
[PlyCount "83"]
[EventDate "2019.01.13"]
[EventType "swiss"]
[EventRounds "7"]
[EventCountry "HKG"]
[SourceTitle "CBM 189 Extra"]
[Source "ChessBase"]
[SourceDate "2019.06.03"]
[SourceVersion "1"]
[SourceVersionDate "2019.06.03"]
[SourceQuality "1"]

1. e4 c5 2. Nc3 d6 3. Nf3 Nf6 4. d4 cxd4 5. Nxd4 a6 6. Be3 e5 7. Nf3 Qc7 8. Be2 h6 9. a4 Be6 10. a5 Nbd7 11. 0-0 Be7 12. Nd5 Qc6 13. Nxe7 Kxe7 14. Nd2 d5 15. exd5 Nxd5 16. Bf3 Nxe3 17. fxe3 Qc7 18. Bg4 Nf6 19. Bxe6 Kxe6 20. Ne4 Nxe4 21. Qg4+ Ke7 22. Qxe4 f6 23. Ra3 Rhd8 24. Rc3 Qd7 25. Rb3 Rab8 26. Rb6 Qd5 27. Qg4 Kf7 28. c4 Qd7 29. Qe4 Kg8 30. c5 Qd5 31. Qxd5+ Rxd5 32. b4 Kf7 33. Rc1 Rdd8 34. Kf2 Rdc8 35. Rd1 Rc7 36. Kf3 Ke7 37. Ke4 Rc6 38. Rd6 Rxd6 39. Rxd6 Rc8 40. Kf5 Rc7 41. Kg6 Ke8 42. g4 1-0

[Event "Shenzhen op 1st"]
[Site "Shenzhen"]
[Date "2018.07.30"]
[Round "9"]
[White "Zou, Chen"]
[Black "Llaneza Vega, Marcos"]
[Result "1-0"]
[WhiteElo "2411"]
[BlackElo "2403"]
[PlyCount "55"]
[EventDate "2018.07.26"]
[EventType "swiss"]
[EventRounds "9"]
[EventCountry "CHN"]
[SourceTitle "CBM 185 Extra"]
[Source "ChessBase"]
[SourceDate "2018.07.29"]
[SourceVersion "1"]
[SourceVersionDate "2018.07.29"]
[SourceQuality "1"]

1. e4 e5 2. Nf3 Nc6 3. Bb5 Nd4 4. Nxd4 exd4 5. 0-0 Bc5 6. d3 c6 7. Ba4 d6 8. Nd2 Nf6 9. c3 Bg4 10. Qc2 0-0 11. b4 Bb6 12. Bb2 Nh5 13. cxd4 Be2 14. Rfe1 Nf4 15. g3 Bxd3 16. Qd1 Qg5 17. h4 Nh3+ 18. Kg2 Nf4+ 19. Kh2 Qh5 20. gxf4 Qxh4+ 21. Kg2 Qxf4 22. Re3 f5 23. Qb3+ d5 24. Qxd3 fxe4 25. Qe2 Rf6 26. Nxe4 dxe4 27. Rxe4 Qg5+ 28. Rg4 1-0

[Event "Shenzhen op 1st"]
[Site "Shenzhen"]
[Date "2018.07.28"]
[Round "5"]
[White "Lin, Peisen"]
[Black "Llaneza Vega, Marcos"]
[Result "0-1"]
[WhiteElo "2056"]
[BlackElo "2403"]
[PlyCount "96"]
[EventDate "2018.07.26"]
[EventType "swiss"]
[EventRounds "9"]
[EventCountry "CHN"]
[SourceTitle "CBM 185 Extra"]
[Source "ChessBase"]
[SourceDate "2018.07.29"]
[SourceVersion "1"]
[SourceVersionDate "2018.07.29"]
[SourceQuality "1"]

1. e4 c5 2. Nf3 d6 3. d4 Nf6 4. Nc3 cxd4 5. Nxd4 g6 6. Be3 Bg7 7. f3 0-0 8. Qd2 Nc6 9. Bc4 Nd7 10. 0-0-0 Nb6 11. Bb3 Na5 12. Qe2 a6 13. f4 Bd7 14. e5 Rc8 15. Nf3 Nbc4 16. Bd4 Bf5 17. h3 Bh6 18. g4 Bxf4+ 19. Kb1 Be6 20. exd6 Nxb3 21. dxe7 Nxd4 22. exd8Q Nxe2 23. Qf6 Na3+ 24. bxa3 Nxc3+ 25. Ka1 Bh6 26. Qh4 Bg7 27. Rd3 Bc4 28. Rd7 Bd5 29. Rf1 Nb5+ 30. Kb1 Nxa3+ 31. Kc1 Nxc2 32. Kd2 Nb4 33. Rxd5 Nxd5 34. Ng5 h6 35. Ne4 Rfd8 36. Ke2 g5 37. Qg3 Nf4+ 38. Rxf4 gxf4 39. Qxf4 Rc2+ 40. Ke1 Rxa2 41. Nf6+ Bxf6 42. Qxf6 Re8+ 43. Kd1 Ra5 44. Qxh6 Rd5+ 45. Kc1 Re6 46. Qf4 Rc6+ 47. Kb2 Rdc5 48. h4 Rb6+ 0-1

[Event "CHN-chT2"]
[Site "Jiangmen"]
[Date "2018.07.12"]
[Round "4.2"]
[White "Llaneza Vega, Marcos"]
[Black "Peng, Xiongjian"]
[Result "1/2-1/2"]
[WhiteElo "2403"]
[BlackElo "2422"]
[PlyCount "32"]
[EventDate "2018.07.10"]
[EventType "team-swiss"]
[EventRounds "11"]
[EventCountry "CHN"]
[SourceTitle "EXT 2019"]
[Source "ChessBase"]
[SourceDate "2018.10.10"]
[SourceVersion "1"]
[SourceVersionDate "2018.10.10"]
[SourceQuality "1"]
[WhiteTeam "Hong Kong Chess Association"]
[BlackTeam "Chongqing Kowloon Kylin"]
[WhiteTeamCountry "HKG"]
[BlackTeamCountry "CHN"]

1. e4 c6 2. d4 d5 3. Nc3 g6 4. Nf3 Bg7 5. h3 dxe4 6. Nxe4 Nf6 7. Nxf6+ Bxf6 8. Bh6 c5 9. c3 cxd4 10. Nxd4 Bxd4 11. cxd4 Qa5+ 12. Bd2 Qd5 13. Be2 Nc6 14. Be3 Qa5+ 15. Bd2 Qd5 16. Be3 Qa5+ 1/2-1/2

[Event "CHN-chT2"]
[Site "Jiangmen"]
[Date "2018.07.12"]
[Round "5.3"]
[White "Wu, Xibin"]
[Black "Llaneza Vega, Marcos"]
[Result "1/2-1/2"]
[WhiteElo "2221"]
[BlackElo "2403"]
[PlyCount "133"]
[EventDate "2018.07.10"]
[EventType "team-swiss"]
[EventRounds "11"]
[EventCountry "CHN"]
[SourceTitle "EXT 2019"]
[Source "ChessBase"]
[SourceDate "2018.10.10"]
[SourceVersion "1"]
[SourceVersionDate "2018.10.10"]
[SourceQuality "1"]
[WhiteTeam "Heilongjiang Chess and Cards"]
[BlackTeam "Hong Kong Chess Association"]
[WhiteTeamCountry "CHN"]
[BlackTeamCountry "HKG"]

1. e4 c5 2. Nf3 d6 3. d4 Nf6 4. Nc3 cxd4 5. Nxd4 g6 6. Be3 Bg7 7. h3 Nc6 8. Bc4 0-0 9. Bb3 Na5 10. 0-0 Nxb3 11. axb3 Bd7 12. Re1 a6 13. Bg5 h6 14. Bh4 Rc8 15. Qd2 Kh7 16. Nd5 e6 17. Nxf6+ Bxf6 18. Bxf6 Qxf6 19. c4 Rfd8 20. Ne2 Be8 21. Red1 Rc5 22. Qd4 Kg7 23. b4 Rcc8 24. b3 Qxd4 25. Rxd4 Kf6 26. f3 Ke7 27. Kf2 g5 28. Ke3 f6 29. Rad1 Rd7 30. R4d2 b5 31. Rc1 bxc4 32. bxc4 Rdc7 33. Kd3 Rxc4 34. Rxc4 Bb5 35. Rdc2 d5 36. exd5 exd5 37. Kd4 Rxc4+ 38. Rxc4 dxc4 39. f4 Ke6 40. g4 Bc6 41. fxg5 hxg5 42. Nc3 Bg2 43. Na4 Bxh3 44. Nc5+ Kd6 45. Nxa6 Bxg4 46. Nc5 Bf3 47. Kxc4 Ke5 48. Kd3 Bc6 49. Ke3 Bb5 50. Ne4 Be8 51. Nf2 f5 52. Nd3+ Kd5 53. Nf2 f4+ 54. Kf3 Bh5+ 55. Kg2 Ke5 56. b5 Be8 57. b6 Bc6+ 58. Kh3 Kf5 59. Ng4 Bb7 60. Nh6+ Kg6 61. Ng4 Ba6 62. Kg2 Kh5 63. Nf2 g4 64. Kg1 g3 65. Nd3 Bxd3 66. b7 f3 67. b8Q 1/2-1/2

[Event "Penang Mini op1st"]
[Site "Penang"]
[Date "2018.06.17"]
[Round "9"]
[White "Pitra, Andika"]
[Black "Llaneza Vega, Marcos"]
[Result "1/2-1/2"]
[WhiteElo "2314"]
[BlackElo "2412"]
[PlyCount "89"]
[EventDate "2018.06.13"]
[EventType "swiss"]
[EventRounds "9"]
[EventCountry "MAS"]
[SourceTitle "CBM 184 Extra"]
[Source "ChessBase"]
[SourceDate "2018.06.28"]
[SourceVersion "1"]
[SourceVersionDate "2018.06.28"]
[SourceQuality "1"]

1. e4 c5 2. Nf3 Nc6 3. Bb5 Nf6 4. Nc3 Qc7 5. 0-0 Nd4 6. Re1 a6 7. Bf1 d6 8. h3 e6 9. a4 Be7 10. Bc4 0-0 11. d3 Bd7 12. Be3 b5 13. axb5 axb5 14. Rxa8 Rxa8 15. Bxd4 bxc4 16. Bxf6 Bxf6 17. dxc4 Rf8 18. e5 dxe5 19. b3 Bc6 20. Qe2 Qa5 21. Ne4 Rd8 22. Qe3 Bxe4 23. Qxe4 Qc3 24. Re2 g6 25. Re3 Qb2 26. Rd3 Rxd3 27. Qxd3 Be7 28. Kh2 Qc1 29. g3 f6 30. Kg2 Kf7 31. h4 h5 32. Nd2 Qb2 33. c3 e4 34. Nxe4 Qxb3 35. Qd7 Qb6 36. f3 Qa6 37. Kh3 Kf8 38. Qd2 Kg7 39. Qd7 Kf8 40. Qd2 Qxc4 41. Qh6+ Kf7 42. Qh7+ Kf8 43. Qh8+ Kf7 44. Qh7+ Kf8 45. Qh8+ 1/2-1/2

[Event "Penang Mini op1st"]
[Site "Penang"]
[Date "2018.06.15"]
[Round "4"]
[White "Llaneza Vega, Marcos"]
[Black "Kulpruethanon, Thanadon"]
[Result "0-1"]
[WhiteElo "2412"]
[BlackElo "2220"]
[PlyCount "56"]
[EventDate "2018.06.13"]
[EventType "swiss"]
[EventRounds "9"]
[EventCountry "MAS"]
[SourceTitle "CBM 184 Extra"]
[Source "ChessBase"]
[SourceDate "2018.06.28"]
[SourceVersion "1"]
[SourceVersionDate "2018.06.28"]
[SourceQuality "1"]

1. e4 c5 2. Nc3 g6 3. d3 Bg7 4. Be3 d6 5. Qd2 Nc6 6. g3 Rb8 7. Bg2 b5 8. a3 Nd4 9. h3 e6 10. Nge2 Ne7 11. Nd1 e5 12. Nxd4 cxd4 13. Bh6 0-0 14. c3 dxc3 15. Nxc3 Be6 16. h4 f5 17. h5 f4 18. Bxg7 Kxg7 19. gxf4 exf4 20. Ne2 g5 21. h6+ Kg8 22. Qc3 Rf7 23. Nd4 Bd7 24. Bf3 Ng6 25. Bd1 Rc8 26. Qb4 Ne5 27. Qb3 Qb6 28. Nf3 Be6 0-1

[Event "Ambalangoda Dhamso op 8th"]
[Site "Ambalangoda"]
[Date "2018.04.22"]
[Round "7"]
[White "Llaneza Vega, Marcos"]
[Black "Randil, Lakshita"]
[Result "1-0"]
[WhiteElo "2422"]
[BlackElo "1904"]
[PlyCount "72"]
[EventDate "2018.04.19"]
[EventType "swiss"]
[EventRounds "9"]
[EventCountry "SRI"]
[SourceTitle "CBM 184 Extra"]
[Source "ChessBase"]
[SourceDate "2018.06.28"]
[SourceVersion "1"]
[SourceVersionDate "2018.06.28"]
[SourceQuality "1"]

1. e4 e5 2. Nc3 Nf6 3. f4 d5 4. fxe5 Nxe4 5. Qf3 Nc6 6. Bb5 Nxc3 7. dxc3 a6 8. Bxc6+ bxc6 9. Ne2 Qh4+ 10. Ng3 Qg4 11. Be3 Qxf3 12. gxf3 c5 13. 0-0-0 Be6 14. h4 Be7 15. Bg5 h6 16. Bxe7 Kxe7 17. f4 g6 18. Rhf1 h5 19. Kd2 Rab8 20. b3 Bg4 21. Rde1 Ke6 22. Rf2 Rhd8 23. Nf1 Bf5 24. Nh2 a5 25. Nf3 Bg4 26. Ng5+ Ke7 27. Ke3 Rb7 28. Rd2 Rbb8 29. Nh7 a4 30. Nf6 Be6 31. f5 gxf5 32. Rg1 d4+ 33. cxd4 cxd4+ 34. Rxd4 Rxd4 35. Kxd4 Rb4+ 36. c4 axb3 1-0

[Event "Kathmandu op"]
[Site "Kathmandu"]
[Date "2018.04.16"]
[Round "7"]
[White "Kavinda, Akila"]
[Black "Llaneza Vega, Marcos"]
[Result "0-1"]
[WhiteElo "1996"]
[BlackElo "2422"]
[PlyCount "44"]
[EventDate "2018.04.13"]
[EventType "swiss"]
[EventRounds "9"]
[EventCountry "NEP"]
[SourceTitle "CBM 183 Extra"]
[Source "ChessBase"]
[SourceDate "2018.04.19"]
[SourceVersion "1"]
[SourceVersionDate "2018.04.19"]
[SourceQuality "1"]

1. d4 Nf6 2. Nf3 c5 3. d5 b5 4. Bg5 Bb7 5. Bxf6 gxf6 6. e4 Qb6 7. a4 f5 8. e5 bxa4 9. Nc3 Bh6 10. Bd3 c4 11. Bxf5 a3 12. 0-0 axb2 13. Rb1 Na6 14. Na4 Qa5 15. Nxb2 Qxd5 16. Nxc4 Nc5 17. Qe2 Rg8 18. Rb3 Nxb3 19. Nd6+ exd6 20. exd6+ Kf8 21. Qe7+ Kg7 22. cxb3 Qxf5 0-1

[Event "Kathmandu op"]
[Site "Kathmandu"]
[Date "2018.04.14"]
[Round "4"]
[White "Llaneza Vega, Marcos"]
[Black "Jati, Bijay"]
[Result "1-0"]
[WhiteElo "2422"]
[BlackElo "1901"]
[PlyCount "59"]
[EventDate "2018.04.13"]
[EventType "swiss"]
[EventRounds "9"]
[EventCountry "NEP"]
[SourceTitle "CBM 183 Extra"]
[Source "ChessBase"]
[SourceDate "2018.04.19"]
[SourceVersion "1"]
[SourceVersionDate "2018.04.19"]
[SourceQuality "1"]

1. e4 c5 2. Nc3 d6 3. g3 Nc6 4. Bg2 g6 5. d3 Bg7 6. Be3 Nf6 7. h3 0-0 8. Nge2 e5 9. Qd2 Be6 10. 0-0 Nd4 11. f4 Ne8 12. Rae1 Nc7 13. Nd5 f5 14. c3 Nxe2+ 15. Rxe2 Rc8 16. fxe5 Bxe5 17. Bg5 Qd7 18. Ne7+ Kg7 19. exf5 gxf5 20. Nxc8 Rxc8 21. d4 cxd4 22. cxd4 Bxg3 23. Bh6+ Kf7 24. d5 Rg8 25. dxe6+ Nxe6 26. Rxf5+ Ke7 27. Bg5+ Ke8 28. Bd5 Be5 29. Bxe6 Qxe6 30. Rexe5 1-0

[Event "Hanoi HD Bank op-A 8th"]
[Site "Hanoi"]
[Date "2018.03.15"]
[Round "9"]
[White "Saduakassova, Dinara"]
[Black "Llaneza Vega, Marcos"]
[Result "1-0"]
[WhiteElo "2479"]
[BlackElo "2430"]
[PlyCount "125"]
[EventDate "2018.03.10"]
[EventType "swiss"]
[EventRounds "9"]
[EventCountry "VIE"]
[SourceTitle "CBM 183 Extra"]
[Source "ChessBase"]
[SourceDate "2018.04.19"]
[SourceVersion "1"]
[SourceVersionDate "2018.04.19"]
[SourceQuality "1"]

1. d4 Nf6 2. c4 g6 3. g3 Bg7 4. Bg2 0-0 5. Nc3 d6 6. Nf3 c6 7. 0-0 Qb6 8. b3 Qa5 9. Qd2 Qh5 10. Qg5 Qxg5 11. Bxg5 a5 12. Rac1 Re8 13. Rfd1 Bf5 14. Nh4 Bd7 15. e4 Bg4 16. Rd2 e5 17. h3 Be6 18. Nf3 a4 19. Bxf6 Bxf6 20. Nxa4 Na6 21. Nb6 Rad8 22. d5 Bd7 23. Re1 c5 24. a3 Nc7 25. b4 Na8 26. Nxd7 Rxd7 27. bxc5 dxc5 28. Rb1 b6 29. Ne1 Ra7 30. Rb3 Rd8 31. Nd3 Ra4 32. Rc2 Bg7 33. f4 f6 34. Bf3 Kf8 35. Bg4 Rd6 36. fxe5 fxe5 37. Be6 Ke8 38. Rf2 Nc7 39. Bf7+ Kd8 40. Nb2 Ra7 41. Bg8 Ne8 42. Bxh7 Bh6 43. Bg8 Nf6 44. Be6 Nxe4 45. Re2 Ng5 46. Rxe5 Re7 47. Na4 Kc7 48. Nc3 Nf3+ 49. Kg2 Nxe5 50. Nb5+ Kd8 51. Nxd6 Kc7 52. Nb5+ Kb7 53. Rc3 Kb8 54. Rc2 Bg7 55. h4 Re8 56. a4 Bh6 57. Nd6 Rf8 58. Re2 Bg7 59. Re4 Kc7 60. Nb5+ Kd8 61. d6 Re8 62. Bh3 Rf8 63. Nc7 1-0

[Event "Chennai op 10th"]
[Site "Chennai"]
[Date "2018.01.22"]
[Round "7"]
[White "Harikrishnan, A Ra"]
[Black "Llaneza Vega, Marcos"]
[Result "0-1"]
[WhiteElo "2222"]
[BlackElo "2421"]
[PlyCount "80"]
[EventDate "2018.01.18"]
[EventType "swiss"]
[EventRounds "10"]
[EventCountry "IND"]
[SourceTitle "CBM 182 Extra"]
[Source "ChessBase"]
[SourceDate "2018.02.23"]
[SourceVersion "1"]
[SourceVersionDate "2018.02.23"]
[SourceQuality "1"]

1. e4 d6 2. d4 Nf6 3. Nc3 e5 4. dxe5 dxe5 5. Qxd8+ Kxd8 6. Bg5 Be6 7. 0-0-0+ Nbd7 8. Bxf6+ gxf6 9. g3 Bc5 10. f3 c6 11. Kb1 Kc7 12. Bh3 b5 13. Bf5 Nb6 14. Nce2 Rad8 15. Nh3 Nc4 16. Bxe6 fxe6 17. Nc1 Rxd1 18. Rxd1 Rd8 19. Nd3 Be3 20. Re1 Bd2 21. Re2 Bh6 22. b3 Nd2+ 23. Kb2 Kb6 24. f4 Nf1 25. b4 exf4 26. Nhxf4 Rd6 27. Kc3 e5 28. Re1 Nxh2 29. Ne2 Nf3 30. Rh1 Bd2+ 31. Kb3 Be3 32. Kb2 h6 33. a4 bxa4 34. Ka3 Nd4 35. Nxd4 Rxd4 36. Re1 Bg5 37. Kxa4 a5 38. Kb3 axb4 39. Nb2 Kb5 40. Na4 c5 0-1

[Event "Chennai op 10th"]
[Site "Chennai"]
[Date "2018.01.20"]
[Round "4"]
[White "Llaneza Vega, Marcos"]
[Black "Tran, Tuan Minh"]
[Result "1-0"]
[WhiteElo "2421"]
[BlackElo "2548"]
[PlyCount "85"]
[EventDate "2018.01.18"]
[EventType "swiss"]
[EventRounds "10"]
[EventCountry "IND"]
[SourceTitle "CBM 182 Extra"]
[Source "ChessBase"]
[SourceDate "2018.02.23"]
[SourceVersion "1"]
[SourceVersionDate "2018.02.23"]
[SourceQuality "1"]

1. e4 c5 2. Nc3 d6 3. g3 g6 4. Bg2 Bg7 5. d3 Nc6 6. Be3 Rb8 7. Qd2 b5 8. a3 a5 9. Nge2 Nd4 10. 0-0 b4 11. axb4 axb4 12. Nd1 b3 13. Bxd4 cxd4 14. c3 dxc3 15. Ndxc3 Nf6 16. Ra3 Qb6 17. Rfa1 0-0 18. Nc1 Be6 19. Ra6 Qd8 20. d4 Bc4 21. R6a4 d5 22. e5 Nd7 23. Nd3 e6 24. Nf4 Qc7 25. h4 Nb6 26. Ra7 Rb7 27. R7a5 Re8 28. Nd1 Qd7 29. Ne3 Bb5 30. h5 Nc4 31. Nxc4 Bxc4 32. hxg6 hxg6 33. Bh3 Qc6 34. Bg4 Bf8 35. Qe3 Qb6 36. Kg2 Rbb8 37. Nh3 Be7 38. Ra7 Rb7 39. Rxb7 Qxb7 40. Rh1 Qb4 41. Bxe6 fxe6 42. Qh6 Bd3 43. Ng5 1-0

[Event "Chennai op 10th"]
[Site "Chennai"]
[Date "2018.01.19"]
[Round "2"]
[White "Llaneza Vega, Marcos"]
[Black "Gaikwad, Siddhant"]
[Result "1-0"]
[WhiteElo "2421"]
[BlackElo "2009"]
[PlyCount "41"]
[EventDate "2018.01.18"]
[EventType "swiss"]
[EventRounds "10"]
[EventCountry "IND"]
[SourceTitle "CBM 182 Extra"]
[Source "ChessBase"]
[SourceDate "2018.02.23"]
[SourceVersion "1"]
[SourceVersionDate "2018.02.23"]
[SourceQuality "1"]

1. e4 c5 2. Nf3 d6 3. Bb5+ Nd7 4. 0-0 Ngf6 5. Re1 e6 6. b3 a6 7. Bxd7+ Nxd7 8. Bb2 Rg8 9. d4 cxd4 10. Nxd4 Qh4 11. Nd2 Qd8 12. Nc4 b5 13. Ne3 Nf6 14. a4 bxa4 15. Rxa4 Bd7 16. Rc4 e5 17. Nc6 Bxc6 18. Rxc6 Nxe4 19. Nd5 Nf6 20. Bxe5 dxe5 21. Nc7+ 1-0